Add a Letter - Make a Pokémon - Statistics

General Stats
  • This quiz has been taken 174 times
  • The average score is 3 of 20
Answer Stats
Word Letter Pokémon % Correct
Tuba Z Zubat
100%
Nearby U Buneary
25%
Ounce B Cubone
21%
Rocket E Treecko
19%
Scare U Arceus
17%
Rabble I Bibarel
17%
Wrote L Rowlet
13%
Master I Starmie
13%
Unspread C Dunsparce
11%
Earning J Greninja
9%
Agent M Metang
9%
Lessen A Sneasel
9%
Number O Umbreon
9%
Capture M Camerupt
8%
Gargled A Dragalge
7%
Tractor A Torracat
7%
Island E Sandile
6%
Eclipsed O Scolipede
6%
Earnest A Tsareena
6%
Treading O Dragonite
5%
No matching quizzes found
Score Distribution
Percent of People with Each Score
Percentile by Number Answered
Your Score History
You have not taken this quiz